| 000 | 005440000a22001810004500 | ||
|---|---|---|---|
| 003 | MACL | ||
| 005 | 20160120160903.0 | ||
| 008 | 160120b xxu||||| |||| 00| 0 eng d | ||
| 040 |
_aMACL _cMACL |
||
| 041 | _aHindi | ||
| 082 | _a330/KUM | ||
| 100 |
_aकूतार प्रशान्त _933728 |
||
| 245 | _aUGC-NET/SLET विश्वविघालय अनुदान आयोग | ||
| 260 |
_bCosmos Bookhive _aनई दिल्ली |
||
| 350 | _a270 | ||
| 650 |
_aEconomics _933729 |
||
| 942 |
_cHIN _k330/KUM _2ddc |
||
| 999 |
_c30716 _d30716 |
||